| 000 | 00575nam a2200193Ia 4500 | ||
|---|---|---|---|
| 003 | OSt | ||
| 005 | 20251105105955.0 | ||
| 008 | 210210b1999 xxu||||| |||| 00| 0 eng d | ||
| 040 | _cAL | ||
| 041 | _aKannada | ||
| 082 | _aK894.9 MALK | ||
| 100 |
_aMALI (V S) _dಮಾಳಿ(ವಿ ಎಸ್ ) _9204883 |
||
| 245 |
_aKannada Sahityadalli Karna _bಕನ್ನಡ ಸಾಹಿತ್ಯದಲ್ಲಿ ಕರ್ಣ |
||
| 260 |
_aBelagavi _bSirigannada prakashana., _c1999 |
||
| 300 | _aviii,325 | ||
| 690 |
_aKannada Criticism _9204884 |
||
| 906 | _aSG04248 | ||
| 942 |
_2ddc _cSG |
||
| 999 |
_c115254 _d115254 |
||